[Event "BL1011 SG Trier - Delmenhorster SK"]
[Site "schachbundesliga.de"]
[Date "2009.11.14"]
[Round "3.6"]
[White "Haslinger, Stewart G"]
[Black "Meyer, Malte"]
[Result "1-0"]
[WhiteElo "2543"]
[BlackElo "2348"]
[PlyCount "127"]
[EventDate "2009.??.??"]

1. e4 e5 2. Nf3 Nc6 3. d4 exd4 4. Nxd4 Bc5 5. Nxc6 Qf6 6. Qf3 bxc6 7. Nd2 a5 8.
Nb3 Bb6 9. a4 d6 10. Bd2 Qxf3 11. gxf3 Ne7 12. Rg1 O-O 13. Be3 f5 14. e5 dxe5
15. Bc4+ Nd5 16. O-O-O Bb7 17. h4 Kh8 18. Bc5 Rf6 19. Rg5 h6 20. Rgg1 Re8 21.
Rge1 Rg6 22. Rd2 Rg2 23. Rde2 Rh2 24. Rxe5 Rxe5 25. Rxe5 Rxh4 26. Re8+ Kh7 27.
Bd3 Nf4 28. Bxf5+ g6 29. Bxb6 cxb6 30. Re7+ Kg8 31. Rxb7 gxf5 32. Rxb6 h5 33.
Rxc6 Ne2+ 34. Kd2 Nd4 35. Nxd4 Rxd4+ 36. Ke3 Rxa4 37. Rc5 Kg7 38. Rxf5 Kg6 39.
Rd5 h4 40. f4 h3 41. Rg5+ Kf6 42. b3 Ra1 43. Rh5 Rh1 44. f5 Ke5 45. f4+ Kf6 46.
Kd3 Rh2 47. c4 Rh1 48. Kc3 Rc1+ 49. Kb2 Rh1 50. Ka2 Rh2+ 51. Ka3 Rh1 52. Kb2
Rh2+ 53. Kc1 Rh1+ 54. Kc2 Rh2+ 55. Kd3 Rh1 56. Kc3 Rc1+ 57. Kd2 Rh1 58. c5 Rh2+
59. Kd3 Rh1 60. c6 Rc1 61. Kd2 Rc5 62. Rxh3 Ke7 63. Rc3 Rd5+ 64. Ke3 1-0

[Event "BL1011 SG Trier - Delmenhorster SK"]
[Site "schachbundesliga.de"]
[Date "2009.11.14"]
[Round "3.7"]
[White "Mossakowski, Florian"]
[Black "Jaracz, Pawel"]
[Result "0-1"]
[WhiteElo "2335"]
[BlackElo "2543"]
[PlyCount "80"]
[EventDate "2009.??.??"]

1. e4 c6 2. d4 d5 3. e5 Bf5 4. Nf3 e6 5. Be2 Ne7 6. O-O Nc8 7. b3 Nb6 8. a4 a5
9. Ba3 Bxa3 10. Nxa3 O-O 11. Qd2 Qe7 12. c3 Bg6 13. Bd3 N8d7 14. Rfe1 h6 15.
Re3 Bxd3 16. Qxd3 c5 17. Re2 Rfc8 18. Nb5 c4 19. Qc2 cxb3 20. Qxb3 Nc4 21. h3
Rc6 22. Rae1 Ndb6 23. Rd1 Nc8 24. Nd2 Na7 25. Nxa7 Rxa7 26. Nxc4 Rxc4 27. Rb2
Qd7 28. Qb6 Ra8 29. Rb5 Rxc3 30. Rdb1 Rc4 31. Rc5 Qxa4 32. Qxb7 Rf8 33. Rxc4
Qxc4 34. Qa7 Rc8 35. Kh2 Qa2 36. Qb7 Rc2 37. Rb3 Rxf2 38. Rg3 Qd2 39. Qb8+ Kh7
40. Qf8 g6 0-1

[Event "BL1011 SG Trier - Delmenhorster SK"]
[Site "schachbundesliga.de"]
[Date "2009.11.14"]
[Round "3.8"]
[White "Gonda, Laszlo"]
[Black "Hoeffer, David"]
[Result "1-0"]
[WhiteElo "2550"]
[BlackElo "2259"]
[PlyCount "69"]
[EventDate "2009.??.??"]

1. Nf3 Nf6 2. c4 c5 3. Nc3 d5 4. cxd5 Nxd5 5. d4 Nxc3 6. bxc3 e6 7. a3 Nc6 8.
e4 Qc7 9. Bd3 Be7 10. O-O O-O 11. Qe2 b6 12. e5 Bb7 13. Qe4 g6 14. Qg4 Qd7 15.
Be3 Rfd8 16. Rfd1 cxd4 17. cxd4 Rac8 18. h4 h5 19. Qg3 Qe8 20. Kh2 Na5 21. Ng5
Nc4 22. Be4 Nxe3 23. fxe3 Bxe4 24. Nxe4 Rc2 25. Rf1 Rdc8 26. Qf4 R8c7 27. Rf3
Re2 28. Raf1 Rcc2 29. Rg3 Kg7 30. Nd6 Bxd6 31. exd6 f5 32. Qe5+ Kf7 33. d5 exd5
34. Rxf5+ gxf5 35. Rg7+ 1-0

[Event "BL 1011 Turm Emsdetten - OSG Baden Bade"]
[Site "?"]
[Date "2010.11.14"]
[Round "4.3"]
[White "Nielsen, Peter-Heine"]
[Black "Janssen, Ruud"]
[Result "1-0"]
[WhiteElo "2670"]
[BlackElo "2498"]
[PlyCount "67"]
[EventDate "2010.??.??"]

1. d4 Nf6 2. c4 e6 3. Nf3 Bb4+ 4. Nbd2 b6 5. a3 Bxd2+ 6. Qxd2 Ba6 7. Qc2 d5 8.
cxd5 Qxd5 9. g3 O-O 10. Bg2 Nc6 11. Be3 Rad8 12. O-O Na5 13. b4 Nc4 14. Bg5
Rde8 15. Bxf6 gxf6 16. Rfd1 Qh5 17. a4 c6 18. Ne1 Rc8 19. Nd3 e5 20. Qa2 Rc7
21. Rac1 Rd8 22. dxe5 Nxe5 23. Nf4 Rxd1+ 24. Rxd1 Qf5 25. Bh3 Qg5 26. Qd2 Kg7
27. Qd8 Rb7 28. Rd6 Ng6 29. e3 Qe5 30. Qxf6+ Qxf6 31. Nh5+ Kf8 32. Nxf6 Ne5 33.
f4 Nf3+ 34. Kf2 1-0

[Event "BL 1011 Turm Emsdetten - OSG Baden Bade"]
[Site "?"]
[Date "2010.11.14"]
[Round "4.4"]
[White "Brandenburg, Daan"]
[Black "Naiditsch, Arkadij"]
[Result "1/2-1/2"]
[WhiteElo "2519"]
[BlackElo "2674"]
[PlyCount "168"]
[EventDate "2010.??.??"]

1. e4 e5 2. Nf3 Nc6 3. d4 exd4 4. Nxd4 Bc5 5. Nxc6 Qf6 6. Qf3 bxc6 7. Nd2 d6 8.
Be2 Qxf3 9. gxf3 f5 10. Nb3 Bb6 11. a4 a5 12. Rg1 g6 13. Be3 Bxe3 14. fxe3 fxe4
15. fxe4 Nh6 16. e5 Nf7 17. exd6 cxd6 18. O-O-O Ke7 19. h4 Ne5 20. Nd2 Rf8 21.
h5 Rf2 22. Rde1 Be6 23. hxg6 hxg6 24. Bd3 Rh8 25. Rh1 Rhh2 26. Rxh2 Rxh2 27.
Be4 Rh4 28. b3 g5 29. Bg2 Rh2 30. Rg1 g4 31. Kd1 c5 32. Nf1 Rh7 33. Rh1 Rf7 34.
Ke1 Nf3+ 35. Bxf3 Rxf3 36. Ke2 Rh3 37. Rxh3 gxh3 38. Kf2 Bf5 39. c4 h2 40. Nxh2
Bc2 41. Ke2 Bxb3 42. Kd3 Bxa4 43. Nf3 Kf6 44. Nd2 Ke5 45. Nb1 Be8 46. Nc3 Bg6+
47. Kd2 Bf5 48. Ke2 Bh3 49. Na4 Bc8 50. Nc3 Ba6 51. Kd3 Kf5 52. Na4 Kg4 53. Nc3
Kf5 54. Na4 Ke6 55. Kc3 Kd7 56. Kb3 Bb7 57. Nc3 Bc6 58. Ka3 Ke6 59. Kb3 Kf5 60.
Kc2 Be8 61. Kd2 Bd7 62. Kd3 Be6 63. Na4 Ke5 64. Nc3 Bf7 65. Na4 Bg6+ 66. Kd2
Bf7 67. Kd3 Bg8 68. Nc3 Be6 69. Na4 Bd7 70. Nc3 Bc6 71. Kd2 Kf5 72. Kd3 a4 73.
Kc2 Kg4 74. Nb5 Kf3 75. Nxd6 Kxe3 76. Nb5 Ke4 77. Nc7 Ke5 78. Na6 Kd6 79. Kb2
Bb7 80. Nxc5 Kxc5 81. Ka3 Bc6 82. Kb2 Kd4 83. c5 Kd3 84. Ka1 Kc2 1/2-1/2

[Event "BL 1011 Turm Emsdetten - OSG Baden Bade"]
[Site "?"]
[Date "2010.11.14"]
[Round "4.5"]
[White "Meier, Georg"]
[Black "Pruijssers, Roeland"]
[Result "1-0"]
[WhiteElo "2659"]
[BlackElo "2483"]
[PlyCount "108"]
[EventDate "2010.??.??"]

1. e4 e5 2. Nf3 Nc6 3. Bb5 a6 4. Bxc6 dxc6 5. O-O f6 6. d4 Bg4 7. c3 Bd6 8. Be3
Ne7 9. Nbd2 O-O 10. Qb3+ Kh8 11. Qxb7 Be6 12. dxe5 fxe5 13. Rfd1 Qe8 14. b4 Qh5
15. Ba7 Ng6 16. Nf1 Bg4 17. Ng3 Qh6 18. Be3 Nf4 19. Bxf4 Qxf4 20. Rd3 Qf7 21.
Qxc6 a5 22. Nf5 Bxf5 23. exf5 axb4 24. Ng5 Qxf5 25. Ne4 b3 26. a4 Qc8 27. Rd2
Ra6 28. Qc4 Qa8 29. Rb2 Rc6 30. Qd3 Be7 31. Qd7 Rc4 32. Nd2 Rcf4 33. Nxb3 Bd6
34. a5 Qa6 35. Qh3 Rb8 36. Qe3 Rb5 37. Qe2 c6 38. g3 Rf8 39. Qd3 Be7 40. Raa2
Qa7 41. Qc4 Rf6 42. a6 h6 43. Re2 Bc5 44. Kg2 Bb6 45. Nd2 Rc5 46. Qg4 Rf8 47.
Ne4 Ra5 48. Rxa5 Bxa5 49. Rd2 Qxa6 50. Rd7 Rg8 51. Nd6 c5 52. Nf7+ Kh7 53. Nxe5
Qa8+ 54. Kh3 Qd8 1-0

[Event "BL 1011 Turm Emsdetten - OSG Baden Bade"]
[Site "?"]
[Date "2010.11.14"]
[Round "4.6"]
[White "Fiebig, Thomas"]
[Black "Gustafsson, Jan"]
[Result "0-1"]
[WhiteElo "2453"]
[BlackElo "2646"]
[PlyCount "120"]
[EventDate "2010.??.??"]

1. e4 c5 2. c3 Nf6 3. e5 Nd5 4. d4 cxd4 5. Nf3 e6 6. cxd4 d6 7. Bc4 Nc6 8. O-O
Be7 9. Re1 O-O 10. exd6 Qxd6 11. Nc3 Nf6 12. a3 Rd8 13. Be3 a6 14. Ba2 b5 15.
b4 a5 16. Nxb5 Qb8 17. Bc4 axb4 18. axb4 Rxa1 19. Qxa1 Nxb4 20. Rc1 Bb7 21. Ne5
Nfd5 22. Bd2 Bf6 23. Bf1 Be7 24. Qa7 Qxa7 25. Nxa7 Ra8 26. Nac6 Nxc6 27. Nxc6
Ba3 28. Rc4 Bf8 29. Na5 Ba6 30. Rc2 Bxf1 31. Kxf1 h5 32. h4 Be7 33. g3 Bf6 34.
Nc6 Ra4 35. Be3 Kh7 36. Ke2 Ra3 37. Kf3 g5 38. hxg5 Bxg5 39. Re2 Kg7 40. Re1
Rc3 41. Ne5 f6 42. Nd7 f5 43. Ne5 Bh6 44. Re2 h4 45. gxh4 f4 46. Ng4 fxe3 47.
fxe3 Bf4 48. Ke4 Bd6 49. h5 Rc1 50. Rg2 Kf8 51. Kd3 Rh1 52. Rf2+ Ke7 53. e4
Nf4+ 54. Kc2 Rh4 55. Ne3 Nxh5 56. e5 Bb8 57. Kd3 Ba7 58. Nc2 Nf4+ 59. Kc4 Nd5
60. Rg2 Bxd4 0-1

[Event "BL 1011 Turm Emsdetten - OSG Baden Bade"]
[Site "?"]
[Date "2010.11.14"]
[Round "4.7"]
[White "Doettling, Fabian"]
[Black "Kleijn, Christov"]
[Result "1-0"]
[WhiteElo "2579"]
[BlackElo "2427"]
[PlyCount "97"]
[EventDate "2010.??.??"]

1. d4 Nf6 2. Nf3 g6 3. c4 Bg7 4. Nc3 d6 5. e4 O-O 6. Be2 e5 7. O-O Nbd7 8. Qc2
c6 9. Rd1 exd4 10. Nxd4 Re8 11. Bg5 a5 12. Rd2 a4 13. Bf4 Qe7 14. f3 Nh5 15.
Be3 f5 16. Bf2 fxe4 17. Qxe4 Qf8 18. Qc2 Nf4 19. Bf1 Nc5 20. Re1 Rxe1 21. Bxe1
Be5 22. Bg3 Qf6 23. Nce2 a3 24. b3 Nce6 25. Nxe6 Bxe6 26. Bxf4 Bxf4 27. Nxf4
Qxf4 28. Qc3 Re8 29. Re2 Bf7 30. g3 Qf5 31. Rxe8+ Bxe8 32. b4 c5 33. b5 Qb1 34.
Qxa3 Qa1 35. Qd3 Bf7 36. a3 b6 37. f4 Qe1 38. Kg2 Be6 39. Qe2 Qxe2+ 40. Bxe2 d5
41. cxd5 Bxd5+ 42. Kf2 Bb3 43. Ke1 Ba4 44. g4 h6 45. Bc4+ Kf8 46. h4 Ke7 47. g5
hxg5 48. hxg5 Kd6 49. f5 1-0

[Event "BL 1011 Turm Emsdetten - OSG Baden Bade"]
[Site "?"]
[Date "2010.11.14"]
[Round "4.8"]
[White "Richter, Christian"]
[Black "Schlosser, Philipp"]
[Result "0-1"]
[WhiteElo "2392"]
[BlackElo "2574"]
[PlyCount "58"]
[EventDate "2010.??.??"]

1. d4 Nf6 2. c4 e6 3. Nf3 b6 4. g3 Ba6 5. Qa4 Bb7 6. Bg2 c5 7. dxc5 bxc5 8. Nc3
Be7 9. O-O O-O 10. Bf4 Qb6 11. Rfd1 d6 12. Rd2 h6 13. h3 Rd8 14. g4 Nc6 15. Qb5
Qc7 16. Bg3 Na5 17. Ne1 Bxg2 18. Nxg2 a6 19. Qa4 Nc6 20. Rb1 Qb7 21. Ne1 d5 22.
cxd5 exd5 23. Qc2 Nb4 24. Qb3 d4 25. a3 dxc3 26. Rxd8+ Rxd8 27. bxc3 Ne4 28.
Bf4 c4 29. Qb2 Qa7 0-1

[Event "BL 1011 SV Wattenscheid - SC Eppingen"]
[Site "?"]
[Date "2010.11.14"]
[Round "4.1"]
[White "Berkes, Ferenc"]
[Black "Bartel, Mateusz"]
[Result "1-0"]
[WhiteElo "2678"]
[BlackElo "2599"]
[PlyCount "93"]
[EventDate "2010.??.??"]

1. Nf3 f5 2. g3 g6 3. Bg2 Bg7 4. O-O Nf6 5. b3 c5 6. Bb2 O-O 7. c4 Nc6 8. e3 e6
9. d4 Ne4 10. Nc3 d5 11. Rc1 b6 12. dxc5 dxc4 13. Nd4 Nxd4 14. Nxe4 Nf3+ 15.
Qxf3 Bxb2 16. Rcd1 Qe7 17. Nd6 Ba6 18. Qe2 Ba3 19. Bxa8 Rxa8 20. Qf3 Rf8 21.
Nxc4 Bxc5 22. Qc6 Bb7 23. Qd7 Bd5 24. Rxd5 exd5 25. Qxd5+ Qf7 26. Rd1 Qxd5 27.
Rxd5 Rf7 28. a4 Rc7 29. h3 Kf7 30. Rd8 Ke6 31. Kf1 Be7 32. Rd2 Bb4 33. Rd8 Be7
34. Rd2 Bb4 35. Rc2 a6 36. Ke2 b5 37. axb5 axb5 38. Na3 Rb7 39. Nb1 Ra7 40. Nd2
Be7 41. Nf3 Bf6 42. Rc6+ Kf7 43. Rb6 Ra2+ 44. Kf1 Ra5 45. b4 Ra1+ 46. Kg2 Rb1
47. Rxb5 1-0

[Event "BL 1011 SV Wattenscheid - SC Eppingen"]
[Site "?"]
[Date "2010.11.14"]
[Round "4.2"]
[White "Bogner, Sebastian"]
[Black "Tiviakov, Sergei"]
[Result "1/2-1/2"]
[WhiteElo "2549"]
[BlackElo "2637"]
[PlyCount "95"]
[EventDate "2010.??.??"]

1. d4 Nf6 2. c4 e6 3. g3 d5 4. Nf3 Bb4+ 5. Bd2 Be7 6. Bg2 dxc4 7. Qa4+ Bd7 8.
Qxc4 Bc6 9. O-O Nbd7 10. Nc3 Ne4 11. Bf4 Nxc3 12. bxc3 O-O 13. Qb3 Bd6 14. c4
b6 15. Rfd1 Bb7 16. Rac1 Qe7 17. Bg5 Qe8 18. c5 Bd5 19. Qc2 bxc5 20. e4 Bc6 21.
e5 Be7 22. Bxe7 Qxe7 23. Ng5 Qxg5 24. Bxc6 Rad8 25. f4 Qh5 26. dxc5 Nb8 27. Be4
Na6 28. Kg2 Nb4 29. Qb1 Qe2+ 30. Kh1 Nxa2 31. Re1 Nxc1 32. Rxe2 Nxe2 33. Bxh7+
Kh8 34. Bd3 Nc3 35. Qc2 Nd5 36. Qe2 g6 37. h4 Kg7 38. Kg1 Rh8 39. Bc4 Ne7 40.
Qg4 Nf5 41. Qg5 Rd1+ 42. Kf2 Rhd8 43. h5 R8d2+ 44. Be2 Nd4 45. Qf6+ Kg8 46.
Qd8+ Kg7 47. Qf6+ Kg8 48. Qd8+ 1/2-1/2

[Event "BL 1011 SV Wattenscheid - SC Eppingen"]
[Site "?"]
[Date "2010.11.14"]
[Round "4.3"]
[White "Balogh, Csaba"]
[Black "Czarnota, Pawel"]
[Result "1/2-1/2"]
[WhiteElo "2608"]
[BlackElo "2524"]
[PlyCount "50"]
[EventDate "2010.??.??"]

1. e4 c5 2. Nf3 d6 3. d4 cxd4 4. Nxd4 Nf6 5. Nc3 a6 6. Bg5 e6 7. f4 Be7 8. Qf3
Qc7 9. O-O-O Nbd7 10. Bd3 h6 11. Qh3 Nb6 12. f5 e5 13. Nb3 Bd7 14. Rhe1 O-O-O
15. Bxf6 Bxf6 16. Qf3 Kb8 17. Nd5 Nxd5 18. exd5 Ba4 19. Re4 Bxb3 20. axb3 Qb6
21. b4 Rc8 22. Kd2 h5 23. Ra1 h4 24. c3 Kc7 25. Kc2 Kd7 1/2-1/2

[Event "BL 1011 SV Wattenscheid - SC Eppingen"]
[Site "?"]
[Date "2010.11.14"]
[Round "4.4"]
[White "Rustemov, Alexander"]
[Black "Gyimesi, Zoltan"]
[Result "1/2-1/2"]
[WhiteElo "2541"]
[BlackElo "2595"]
[PlyCount "42"]
[EventDate "2010.??.??"]

1. c4 Nf6 2. d4 e6 3. Nf3 d5 4. e3 Be7 5. Nbd2 O-O 6. a3 Nbd7 7. b4 c6 8. c5 a5
9. Bb2 b6 10. Rc1 axb4 11. axb4 bxc5 12. bxc5 Ba6 13. Bxa6 Rxa6 14. O-O Qc7 15.
h3 Rfa8 16. Qc2 h6 17. Ra1 Qb7 18. Rxa6 Rxa6 19. Rb1 Bd8 20. Bc3 Qa8 21. Ne1
Ra7 1/2-1/2

[Event "BL 1011 SV Wattenscheid - SC Eppingen"]
[Site "?"]
[Date "2010.11.14"]
[Round "4.5"]
[White "Acs, Peter"]
[Black "Appel, Ralf"]
[Result "1-0"]
[WhiteElo "2601"]
[BlackElo "2547"]
[PlyCount "147"]
[EventDate "2010.??.??"]

1. e4 Nf6 2. e5 Nd5 3. d4 d6 4. Nf3 dxe5 5. Nxe5 c6 6. Be2 Nd7 7. Nf3 e6 8. O-O
Bd6 9. Re1 O-O 10. Nbd2 b6 11. Ne4 Be7 12. Ne5 Bb7 13. Bf3 Qc8 14. c4 N5f6 15.
Bg5 Re8 16. Nxf6+ Bxf6 17. Bxf6 Nxf6 18. c5 Rd8 19. Qa4 b5 20. Qb4 a5 21. Qd2
a4 22. Rad1 Ra7 23. Qf4 Ba8 24. Qh4 h6 25. Rd3 Qc7 26. Bd1 Qe7 27. Rg3 Kh8 28.
Bc2 Rd5 29. Ree3 Qd8 30. Rd3 Nh7 31. Qh5 Qe7 32. Qg4 Qg5 33. Qd1 Qd8 34. Rg4
Nf8 35. Rf4 f6 36. Nf3 Rad7 37. Re4 e5 38. Qe1 Ne6 39. Rd2 Nxd4 40. Nxd4 Rxd4
41. Rexd4 Rxd4 42. Qe4 Qg8 43. Rxd4 exd4 44. a3 Bb7 45. Bd3 Ba8 46. Kf1 Bb7 47.
Ke1 Ba8 48. Kd2 Bb7 49. g3 Ba8 50. Qxd4 Bb7 51. Qd7 Qb8 52. f4 Qa8 53. Bf5 Qa5+
54. Kc2 Qa8 55. Qc7 Qe8 56. Kd2 g6 57. Bd3 Ba6 58. g4 Bc8 59. Bxg6 Qxg6 60.
Qxc8+ Kg7 61. Qd7+ Kg8 62. Qf5 Qe8 63. Qxf6 Qd7+ 64. Kc3 Qxg4 65. Kb4 Qg1 66.
Qxc6 Qd4+ 67. Kxb5 Qxb2+ 68. Kxa4 Qc2+ 69. Ka5 Qc3+ 70. Kb6 Qxa3 71. Qg6+ Kf8
72. Qxh6+ Ke8 73. Qe6+ Kd8 74. Qd6+ 1-0

[Event "BL 1011 SV Wattenscheid - SC Eppingen"]
[Site "?"]
[Date "2010.11.14"]
[Round "4.6"]
[White "Handke, Florian"]
[Black "Bindrich, Falko"]
[Result "0-1"]
[WhiteElo "2494"]
[BlackElo "2507"]
[PlyCount "82"]
[EventDate "2010.??.??"]

1. e4 e5 2. Nf3 Nc6 3. Bb5 a6 4. Ba4 Nf6 5. d3 b5 6. Bb3 Be7 7. O-O d6 8. c3
O-O 9. Re1 Na5 10. Bc2 c5 11. Nbd2 Nc6 12. Nf1 h6 13. Ne3 Be6 14. d4 cxd4 15.
cxd4 exd4 16. Nxd4 Nxd4 17. Qxd4 Rc8 18. Bb3 Nd7 19. Nd5 Nc5 20. Bf4 Bxd5 21.
Qxd5 a5 22. Bd1 Ne6 23. Be3 Bg5 24. Qxb5 Rb8 25. Bxg5 Nxg5 26. Qf5 Rxb2 27. Bb3
Qb6 28. Rab1 Qb4 29. h4 Nxe4 30. Rbc1 Nf6 31. Bxf7+ Kxf7 32. Re7+ Kg8 33. Qg6
Nh5 34. Qxh5 Rbxf2 35. Qd5+ Kh8 36. h5 Rxg2+ 37. Qxg2 Qd4+ 38. Kh2 Qh4+ 39. Kg1
Qxe7 40. Qg3 Qe2 41. Re1 Qxh5 0-1

[Event "BL 1011 SV Wattenscheid - SC Eppingen"]
[Site "?"]
[Date "2010.11.14"]
[Round "4.7"]
[White "Braun, Arik"]
[Black "Hirneise, Tobias"]
[Result "1/2-1/2"]
[WhiteElo "2538"]
[BlackElo "2436"]
[PlyCount "43"]
[EventDate "2010.??.??"]

1. d4 d5 2. c4 c6 3. Nf3 Nf6 4. Nc3 dxc4 5. a4 Bf5 6. Nh4 Bc8 7. Nf3 Bf5 8. e3
e6 9. Bxc4 Bb4 10. O-O Nbd7 11. Nh4 Bg4 12. f3 Bh5 13. g4 g5 14. Ng2 Bg6 15.
Qb3 a5 16. Na2 Be7 17. e4 h5 18. gxh5 Nxh5 19. Qxb7 Rb8 20. Qa6 Ra8 21. Qb7 Rb8
22. Qa6 1/2-1/2

[Event "BL 1011 SV Wattenscheid - SC Eppingen"]
[Site "?"]
[Date "2010.11.14"]
[Round "4.8"]
[White "Dinstuhl, Volkmar Dr"]
[Black "Medvegy, Zoltan"]
[Result "0-1"]
[WhiteElo "2424"]
[BlackElo "2531"]
[PlyCount "86"]
[EventDate "2010.??.??"]

1. g3 g6 2. Bg2 Bg7 3. c4 c5 4. Nc3 d6 5. e3 Bxc3 6. dxc3 Nc6 7. e4 Be6 8. b3
Qd7 9. Ne2 Bh3 10. O-O h5 11. Bxh3 Qxh3 12. Nf4 Qd7 13. f3 O-O-O 14. Qe2 Ne5
15. Nd3 Nxd3 16. Qxd3 Nf6 17. Kg2 Rhg8 18. Bg5 Qe6 19. Rae1 Nh7 20. Bc1 Nf6 21.
Bg5 Nh7 22. Bc1 f6 23. f4 Rg7 24. Qd5 Qxd5 25. cxd5 f5 26. e5 dxe5 27. Rxe5 Nf6
28. c4 Ne4 29. Bb2 Rf7 30. Re1 Rd6 31. Re2 Kd7 32. h3 e6 33. dxe6+ Rxe6 34. g4
Rxe5 35. Bxe5 Ke6 36. Kf3 Rd7 37. Rxe4 fxe4+ 38. Kxe4 Rd2 39. f5+ gxf5+ 40.
gxf5+ Kf7 41. a4 Rd1 42. Bb8 a6 43. Ba7 Rb1 0-1

[Event "BL 1011 SV Mülheim Nord - SC Remagen"]
[Site "?"]
[Date "2010.11.14"]
[Round "4.3"]
[White "Dgebuadze, Alexandre"]
[Black "Fridman, Daniel"]
[Result "1/2-1/2"]
[WhiteElo "2524"]
[BlackElo "2645"]
[PlyCount "100"]
[EventDate "2010.??.??"]

1. e4 e5 2. Nf3 Nf6 3. Nxe5 d6 4. Nf3 Nxe4 5. d3 Nf6 6. d4 d5 7. Bd3 Bd6 8. O-O
O-O 9. Bg5 Bg4 10. Nbd2 Nbd7 11. c3 c6 12. Qc2 Qc7 13. Rfe1 Rfe8 14. Bh4 Bh5
15. Bg3 Bg6 16. Bxg6 hxg6 17. Rxe8+ Rxe8 18. Re1 Bxg3 19. hxg3 Qa5 20. Rxe8+
Nxe8 21. Qb1 Qb5 22. b3 Nef6 23. a4 Qe2 24. Qf1 Qe6 25. Qe1 Kf8 26. Qxe6 fxe6
27. Kf1 Ke7 28. Ke2 b6 29. b4 Ne8 30. Ne5 Nxe5 31. dxe5 Nc7 32. Nb3 Na6 33. g4
c5 34. b5 Nb8 35. g5 Nd7 36. f4 c4 37. Nd4 Nc5 38. Kd2 Kd7 39. Nf3 Ke7 40. Nd4
a5 41. Kc2 Nxa4 42. Ne2 Nc5 43. Kb2 Nd3+ 44. Ka3 Ne1 45. g3 Nd3 46. Ka2 Nf2 47.
Ka3 Kd7 48. Ka2 Ne4 49. Ka3 Nd2 50. Ka2 Ne4 1/2-1/2

[Event "BL 1011 SV Mülheim Nord - SC Remagen"]
[Site "?"]
[Date "2010.11.14"]
[Round "4.4"]
[White "Tregubov, Pavel V"]
[Black "Swinkels, Robin"]
[Result "1/2-1/2"]
[WhiteElo "2598"]
[BlackElo "2478"]
[PlyCount "109"]
[EventDate "2010.??.??"]

1. d4 Nf6 2. c4 e6 3. Nf3 b6 4. g3 Bb7 5. Bg2 Be7 6. O-O O-O 7. Re1 Na6 8. Nc3
Ne4 9. Qa4 Qc8 10. Bf4 c5 11. Ne5 Nxc3 12. bxc3 Bxg2 13. Kxg2 Nb8 14. e4 d6 15.
Nd3 Qd7 16. Qb5 Rd8 17. d5 Bf6 18. Qb3 exd5 19. exd5 Na6 20. f3 Nc7 21. Nf2 Re8
22. Ng4 Be7 23. a4 f5 24. Nf2 Bf6 25. a5 b5 26. a6 b4 27. cxb4 Bxa1 28. Rxa1
Rab8 29. b5 Na8 30. Qd3 Re7 31. Bg5 Re5 32. Bf4 Re7 33. Nd1 Rbe8 34. Ne3 Nb6
35. Ra2 Rf7 36. h4 h6 37. Kf2 Nc8 38. Ng2 Rfe7 39. h5 Nb6 40. Rc2 Nc8 41. Bc1
Nb6 42. Bb2 Na4 43. Ba1 Qc7 44. Qxf5 Rf7 45. Qd3 Qa5 46. Rc1 Rfe7 47. Rc2 Qb4
48. Qg6 Rf8 49. Ne3 Qa3 50. Nf5 Rxf5 51. Qxf5 Qxa1 52. Qc8+ Kh7 53. Qf5+ Kg8
54. Qc8+ Kh7 55. Qf5+ 1/2-1/2

[Event "BL 1011 SV Mülheim Nord - SC Remagen"]
[Site "?"]
[Date "2010.11.14"]
[Round "4.5"]
[White "Bok, Benjamin"]
[Black "Berelowitsch, Alexander"]
[Result "1-0"]
[WhiteElo "2453"]
[BlackElo "2574"]
[PlyCount "51"]
[EventDate "2010.??.??"]

1. e4 e6 2. d4 d5 3. Nd2 c5 4. exd5 Qxd5 5. dxc5 Bxc5 6. Ngf3 Nf6 7. Bc4 Qc6 8.
O-O Nbd7 9. Qe2 O-O 10. Nb3 b6 11. Nxc5 Qxc5 12. b3 Bb7 13. Bb2 Rac8 14. Ne5
Nxe5 15. Qxe5 Qxe5 16. Bxe5 Bd5 17. Bxd5 exd5 18. c3 Rfe8 19. Bd4 Re2 20. Rfe1
Rce8 21. Kf1 Rc2 22. Rxe8+ Nxe8 23. Ke1 Nd6 24. Kd1 Rb2 25. c4 Nxc4 26. Bxb2
1-0

[Event "BL 1011 SV Mülheim Nord - SC Remagen"]
[Site "?"]
[Date "2010.11.14"]
[Round "4.6"]
[White "Feygin, Michael"]
[Black "Michiels, Bart"]
[Result "1-0"]
[WhiteElo "2526"]
[BlackElo "2459"]
[PlyCount "69"]
[EventDate "2010.??.??"]

1. e4 c6 2. d4 d5 3. e5 Bf5 4. Be3 e6 5. Nf3 Bg6 6. Nbd2 Ne7 7. Nb3 Nf5 8. Bf4
Nd7 9. Qd2 Be7 10. Be2 O-O 11. O-O c5 12. c3 Rc8 13. h3 Qb6 14. Rac1 Rc7 15.
dxc5 Nxc5 16. Nxc5 Qxc5 17. g4 Nh4 18. Nd4 Rcc8 19. Bg3 Qb6 20. f3 h6 21. Qe1
Qd8 22. Qf2 Bh7 23. f4 Be4 24. Kh2 a6 25. Rg1 g6 26. Rcf1 Kg7 27. Qe3 h5 28. f5
exf5 29. gxf5 Nxf5 30. Rxf5 gxf5 31. Bd3 Kh7 32. Qe2 Qb6 33. Nxf5 Bc5 34. Qxh5+
Kg8 35. Bf2+ 1-0

[Event "BL 1011 SV Mülheim Nord - SC Remagen"]
[Site "?"]
[Date "2010.11.14"]
[Round "4.7"]
[White "Teske, Henrik"]
[Black "Saltaev, Mihail"]
[Result "1-0"]
[WhiteElo "2522"]
[BlackElo "2483"]
[PlyCount "65"]
[EventDate "2010.??.??"]

1. Nf3 d5 2. d4 c6 3. Bf4 Nf6 4. e3 Nh5 5. Bg5 h6 6. Bh4 g5 7. Ne5 Nf6 8. Bg3
Qb6 9. b3 Bf5 10. Nd2 e6 11. Bd3 Bxd3 12. cxd3 Nbd7 13. O-O Bg7 14. f4 Nxe5 15.
fxe5 Nh7 16. h4 O-O 17. hxg5 hxg5 18. Nf3 Rac8 19. Rc1 c5 20. Qc2 cxd4 21. Qxc8
Rxc8 22. Rxc8+ Bf8 23. Nxd4 Kg7 24. Rc2 Bc5 25. Rcf2 Bxd4 26. Rxf7+ Kg6 27.
exd4 Qxd4+ 28. Kh2 Qxd3 29. R1f3 Qc2 30. Re7 g4 31. Rxe6+ Kh5 32. Rf2 Qd3 33.
Ref6 1-0

[Event "BL 1011 SV Mülheim Nord - SC Remagen"]
[Site "?"]
[Date "2010.11.14"]
[Round "4.8"]
[White "Levin, Felix"]
[Black "Popovic, Petar"]
[Result "1/2-1/2"]
[WhiteElo "2482"]
[BlackElo "2495"]
[PlyCount "51"]
[EventDate "2010.??.??"]

1. Nf3 Nf6 2. c4 g6 3. Nc3 d5 4. cxd5 Nxd5 5. Qa4+ Nc6 6. Ne5 Qd6 7. Nxc6 Qxc6
8. Qxc6+ bxc6 9. b3 Nxc3 10. dxc3 Bg7 11. Bb2 Be6 12. O-O-O Rb8 13. e3 O-O 14.
c4 Bxb2+ 15. Kxb2 c5 16. Be2 Rb6 17. Kc3 Rd6 18. f4 Rfd8 19. Rxd6 cxd6 20. g4
h6 21. h4 f6 22. Bf3 Kg7 23. h5 g5 24. f5 Bd7 25. Bd5 Rb8 26. Rb1 1/2-1/2

[Event "BL 1011 SF Katernberg - Solinger SG"]
[Site "?"]
[Date "2010.11.14"]
[Round "4.2"]
[White "Chuchelov, Vladimir"]
[Black "Sandipan, Chanda"]
[Result "0-1"]
[WhiteElo "2565"]
[BlackElo "2641"]
[PlyCount "100"]
[EventDate "2010.??.??"]

1. Nf3 d5 2. d4 Nf6 3. c4 c6 4. Qc2 dxc4 5. Qxc4 Bf5 6. g3 e6 7. Bg2 Nbd7 8.
O-O Be7 9. e3 O-O 10. Qe2 Qc7 11. h3 c5 12. Nc3 Ne4 13. Bd2 Nxc3 14. Bxc3 Be4
15. Rac1 Rfc8 16. Rfd1 c4 17. Nd2 Bxg2 18. Kxg2 b5 19. Nf3 Qb7 20. e4 Nf6 21.
d5 exd5 22. exd5 Re8 23. Qe5 Bb4 24. Qf5 Bxc3 25. Rxc3 Rad8 26. d6 Re6 27. b3
g6 28. Qc5 Ne4 29. Qc7 Qb6 30. Qxb6 axb6 31. Re3 Rexd6 32. Rc1 f5 33. bxc4 Rc8
34. Rc2 bxc4 35. g4 c3 36. gxf5 gxf5 37. Kf1 Rcd8 38. Re1 b5 39. Ke2 Re6 40.
Kf1 Rd3 41. Re3 Ng3+ 42. Kg2 Rexe3 43. fxe3 Ne4 44. Nd4 Rxe3 45. Nxf5 Rd3 46.
Rc1 Kf7 47. a3 Ke6 48. Nh4 Kd5 49. Nf3 Nd2 50. Ne1 Ke4 0-1

[Event "BL 1011 SF Katernberg - Solinger SG"]
[Site "?"]
[Date "2010.11.14"]
[Round "4.3"]
[White "Stellwagen, Daniel"]
[Black "Bischoff, Klaus"]
[Result "1/2-1/2"]
[WhiteElo "2635"]
[BlackElo "2553"]
[PlyCount "97"]
[EventDate "2010.??.??"]

1. e4 c5 2. Nf3 e6 3. d4 cxd4 4. Nxd4 a6 5. Nc3 Qc7 6. Bd3 Nf6 7. f4 d6 8. g4
Nc6 9. Nxc6 bxc6 10. g5 Nd7 11. Qf3 Bb7 12. b3 d5 13. Bb2 d4 14. Ne2 e5 15. c3
dxc3 16. Bxc3 exf4 17. O-O Ne5 18. Bxe5 Qxe5 19. Qxf4 Qxf4 20. Nxf4 Be7 21. h4
g6 22. Bc4 O-O 23. Rad1 Bc8 24. Nd3 Kg7 25. Ne5 Ra7 26. Kg2 f5 27. Nxc6 Rc7 28.
Nxe7 Rxe7 29. exf5 Bxf5 30. Rde1 Rd7 31. Rd1 Re7 32. Rde1 Rd7 33. Kg3 h6 34.
Rd1 Rc7 35. Rfe1 a5 36. Re5 hxg5 37. hxg5 Rh8 38. Rde1 Rh3+ 39. Kf4 Rh4+ 40.
Kf3 Rh3+ 41. Kg2 Rh5 42. Rxa5 Rxg5+ 43. Kf2 Rh5 44. a4 Kf6 45. Re2 Rh3 46. Rd5
Rc3 47. Re3 Rc2+ 48. Re2 Rc3 49. Re3 1/2-1/2